Marine planktology

Saved in:
Bibliographic Details
Other Authors: Zheng, Zhong, 1911-
Format: Book
Language:English
Published: Berlin : Springer-Verlag, 1989.
Subjects:
Tags: Add Tag
No Tags, Be the first to tag this record!

MARC

LEADER 00000cam a2200000 i 4500
001 1/612
008 950704s1989 gw | || |||| ||eng||
020 |a 3540157204 
035 |l 10014144 
040 |a GR-MyUa  |b gre  |e AACR2 
041 0 |a eng 
082 7 |a 578.776   |2 (22) 
245 0 0 |a Marine planktology /   |c Zheng Zhong...[et. al.]. 
260 |a Berlin :   |b Springer-Verlag,   |c 1989. 
300 |a 454 σ. :   |b εικ. ;   |c 27 εκ. 
504 |a Περιλαμβάνει βιβλιογραφικές παραπομπές και ευρετήριο. 
650 0 0 |a Marine plankton. 
700 1 |a Zheng, Zhong,   |d 1911- 
852 |a INST  |b LESVOS  |e 19950704  |h 578.776 MAR  |p 005100008219  |q 005100008219  |t BK  |y 0 
922 |a 1ΕΛΗ  |b 199006  |c ΠΠ/8103